书目信息 |
| 题名: |
美国外交政策
|
|
| 作者: | 帕特森 著 ;李庆余 译 | |
| 分册: | 上册 | |
| 出版信息: | 北京 中国社会科学出版社 1989.12 |
|
| 页数: | 366页 | |
| 开本: | 20cm | |
| 丛书名: | ||
| 单 册: | ||
| 中图分类: | D871.20 | |
| 科图分类: | ||
| 主题词: | 外交--美国--外交政策 | |
| 电子资源: | ||
| ISBN: | 7-5004-0356-9 | |
| 000 | 00640nam0 2200205 45 | |
| 001 | 0404300937 | |
| 005 | 20050630150138.1 | |
| 010 | @a7-5004-0356-9@dCNY13.10 | |
| 100 | @a20040430d1989 km y0chiy0120 ea | |
| 101 | 0 | @achi |
| 105 | @a z 000yy | |
| 200 | 1 | @a美国外交政策@AMei Guo Wai Jiao Zheng Ce@h上册@f(美)托马斯·帕特森等著@F(Mei)Tuo Ma Si·Pa Te Sen Deng Zhu@g李庆余译 |
| 210 | @a北京@c中国社会科学出版社@d1989.12 | |
| 215 | @a366页@d20cm | |
| 606 | 0 | @a外交@y美国@x外交政策 |
| 690 | @aD871.20@v3 | |
| 701 | 0 | @a帕特森@4著 |
| 702 | 0 | @a李庆余@ALi Qing Yu@4译 |
| 801 | @aCN@bPftUser@c20040430 | |
| 905 | @dD871.20@e22:1@b248636@f1 | |
| 美国外交政策.上册/(美)托马斯·帕特森等著/李庆余译.-北京:中国社会科学出版社,1989.12 |
| 366页;20cm |
| ISBN 7-5004-0356-9:CNY13.10 |
| ● |
| 相关链接 |
|
|
|
|
正题名:美国外交政策
索取号:D871.20/22:1
 
预约/预借
| 序号 | 登录号 | 条形码 | 馆藏地/架位号 | 状态 | 备注 |
| 1 | 0248635 | 001027604 | 第一借阅区/ [索取号:D871.20/22:1] | 在馆 | |
| 2 | 0248636 | 001027631 | 第一样本阅览室/ [索取号:D871.20/22:1] | 在馆 |